000 01298 am a2200361 a 4500
005 20231212123556.0
008 100610s1993||||ag d f |||| 001 0 spa d
020 _a9500708884
041 _aspa
092 _c341.088
_l53
_sMOR
100 1 _aMoreno Ocampo, Luís.
_91238
245 0 3 _aEn defensa propia.
_bCómo salir de la corrupción /
_cLuis Moreno Ocampo.
250 _a2a ed. /
260 _aBuenos Aires:
_bSudamericana;
_c1993.
300 _a397 p.
500 _aMoreno Ocampo, L. (1993). En defensa propia. Cómo salir de la corrupción. (2a ed.). Buenos Aires : Sudamericana.
653 _aFondos públicos y vidas privadas
653 _aSistemas informales de control
653 _aPoder de la autoridad. El dinero y la verdad
653 _aDemocracia representativa impulsada por los medios
653 _aBreve historia de la corrupción
653 _aCorrupción trasnacional
653 _aManejo de los fondos públicos
653 _aActos, personas y sistemas corruptos
653 _aHipercorrupción y subdesarrollo
653 _aCultura de hipercorrupción
653 _aPoder hegemónico
653 _aEtica y educación
653 _aReformas estructurales
653 _aAdministración pública y corrupción
930 _a1712
942 _2ddc
_cBK
999 _c355
_d355